000 00575nam a2200193Ia 4500
003 GCL
008 140319s9999 xx 000 0 ara d
040 _aGCL /
_cGCL
082 0 4 _a801
_bب ب
100 1 _aباسكيز، اضولفو
245 1 0 _aالبنيوية والتاريخ /
_cباسكيز، اضولفو
700 1 _aمصطفى المناوى
300 _a48 ص
490 _aقضايا ادبية
_v0
650 0 4 _aالبنيوية
650 0 4 _aالادب - نظريات
650 0 4 _aالانثروبولوجيا الاجتماعية
942 _2ddc
_cBK
999 _c51614
_d51614